000 00747nam a2200217Ia 4500
003 GCL
005 20240530103118.0
008 140319s9999 xx 000 0 ara d
040 _aGCL /
_cGCL
082 0 4 _a940.1
_bا ح
100 1 _aالسيد الباز العرينى
245 1 0 _aالحضارة والنظم الاوربية فى العصورالوسطى :
_cالسيد الباز العرينى
_bالقسم الاول /
260 _aبيروت :
_bدار النهضة العربية
300 _a233 ص ؛
_c24 سم
650 0 4 _aتاريخ
650 0 4 _aالعصور الوسطى
650 0 4 _aحضارة العصور الوسطى
650 0 4 _aاوربا
650 0 4 _aعصر النهضة (1300 - 1494)
942 _2ddc
_cBK
999 _c36912
_d36912